Catalyst characterization : physical techniques for solid materials /
Guardado en:
| Otros Autores: | , |
|---|---|
| Formato: | Libro |
| Idioma: | English |
| Publicado: |
New York :
Plenum Press,
c1994.
|
| Series: | Fundamental and applied catalysis
|
| Materias: | |
| Etiquetas: |
Agregar Etiqueta
Sin Etiquetas, Sea el primero en etiquetar este registro!
|
| LEADER | 00924pam a22002535a 4500 | ||
|---|---|---|---|
| 001 | EIQ.libpla000715 | ||
| 008 | 930929s1994####nyua#####b####001#0#eng#d | ||
| 005 | 20080520191247.0 | ||
| 245 | 0 | 0 | |a Catalyst characterization : |b physical techniques for solid materials / |c edited by Boris Imelik and Jacques C. Vedrine. |
| 260 | |a New York : |b Plenum Press, |c c1994. | ||
| 300 | |a xxxi, 702 p. : |b il. ; |c 24 cm. | ||
| 440 | 0 | |a Fundamental and applied catalysis | |
| 504 | |a Incluye referencias bibliográficas e índice. | ||
| 020 | |a 0306439506 | ||
| 700 | 1 | |a Imelik, B., |e ed. |4 edt | |
| 700 | 1 | |a Védrine, Jacques C., |e ed. |4 edt | |
| 082 | 0 | 0 | |a 660/.2995 |2 20 |
| 650 | 4 | |a Catalizadores |x Análisis. | |
| 650 | 0 | |a Catalizadores |x Materiales sólidos. | |
| 650 | 0 | |a Catalysts |x Analysis. | |
| 650 | 4 | |a Catalysts |x Solid materials. | |
| 010 | |a 93039899 | ||
| 040 | |a DLC |c DLC |d AR-BbSID | ||
| 859 | |a AR-BbSID |b BIB. PLAPIQUI |h 541.395 |i C 28 |p 4299 | ||
